Everybody`s Book of Facts (Record no. 8897)

MARC details
000 -LEADER
fixed length control field 00448nam a2200145Ia 4500
008 - FIXED-LENGTH DATA ELEMENTS--GENERAL INFORMATION
fixed length control field 211109s9999||||xx |||||||||||||| ||und||
082 ## - DEWEY DECIMAL CLASSIFICATION NUMBER
Classification number 030
Item number WHE-E
100 ## - MAIN ENTRY--PERSONAL NAME
Personal name Wheeler, Harold
245 #0 - TITLE STATEMENT
Title Everybody`s Book of Facts
260 ## - PUBLICATION, DISTRIBUTION, ETC.
Name of publisher, distributor, etc. Times of India
Place of publication, distribution, etc. Ceylon
Date of publication, distribution, etc. 1939
300 ## - PHYSICAL DESCRIPTION
Extent 640p.
630 ## - SUBJECT ADDED ENTRY--UNIFORM TITLE
General subdivision Reference Reading Room
650 ## - SUBJECT ADDED ENTRY--TOPICAL TERM
Topical term or geographic name entry element COMPUTER SCIENCE, INFORMATION & GENERAL WORKS
942 ## - ADDED ENTRY ELEMENTS (KOHA)
Koha item type BOOK
650 ## - SUBJECT ADDED ENTRY--TOPICAL TERM
Form subdivision GENERAL ENCYCLOPEDIC WORKSBOOK OF FACTS
General subdivision Generalia
Holdings
Withdrawn status Lost status Damaged status Not for loan Home library Current library Date acquired Cost, normal purchase price Total Checkouts Full call number Barcode Shelving location Date last seen Price effective from Koha item type
        SB LIBRARY SB LIBRARY 09/11/2021 100.00   030 WHE-E 00009418 REFERENCE READING ROOM 09/11/2021 09/11/2021 BOOK

Powered by Koha